000 00792nam a2200277Ia 4500
008 160303s9999 xx 000 0 und d
020 _a1-58255-615-6
050 _aREF RM 302
050 _b.N87 2006
245 _aNursing 2007 dangerous drug interactions /
260 _aSpringhouse, PA :
260 _bLippincott Williams & Wilkins.
260 _c2006
300 _a824 pages :
300 _billustrations (some color) ;
300 _c19 cm.
500 _aIncludes index.
650 _aDrug interactions --
650 _aDrugs --
650 _aNursing --
650 _aPharmacology --
650 _xHandbooks, manuals, etc.
650 _xHandbooks, manuals, etc.
650 _xHandbooks, manuals, etc.
650 _xSafety measures -- Handbooks, manuals, etc.
999 _c291110
_d291110